El realismo, el impresionismo. (Record no. 179209)

MARC details
000 -LEADER
campo de control de longitud fija 01206nam a2200313 i 4500
001 - NÚMERO DE CONTROL
campo de control 179209
003 - IDENTIFICADOR DE NÚMERO DE CONTROL
campo de control ES-MaACL
005 - FECHA Y HORA DE LA ÚLTIMA TRANSACCIÓN
campo de control 20250815140447.0
008 - DATOS DE LONGITUD FIJA--INFORMACIÓN GENERAL
campo de control de longitud fija 111005s20052006sp ao |||| |dspa d
020 ## - NÚMERO INTERNACIONAL ESTÁNDAR DEL LIBRO
Número Internacional Estándar del Libro 84-471-0336-6
080 ## - NÚMERO DE LA CLASIFICACIÓN DECIMAL UNIVERSAL
Número de la Clasificación Decimal Universal 7"18"
245 03 - MENCIÓN DEL TÍTULO
Título El realismo, el impresionismo.
260 ## - PUBLICACIÓN, DISTRIBUCIÓN, ETC.
Lugar de publicación, distribución, etc. [Barcelona] :
Nombre del editor, distribuidor, etc. Salvat,
Fecha de publicación, distribución, etc. [2005]
-- , [i.e. 2006]
300 ## - DESCRIPCIÓN FÍSICA
Extensión 288 p. :
Otras características físicas il. col. ;
Dimensiones 31 cm.
490 1# - MENCIÓN DE SERIE
Mención de serie Historia del arte ;
Designación de volumen o secuencia 15
505 8# - NOTA DE CONTENIDO CON FORMATO
Nota de contenido con formato Contiene: Pintura francesa posromántica . Realismo y naturalismo en la escultura . La arquitectura en el siglo XIX . El impresionismo . Postimpresionismo y neoimpresionismo
650 #4 - PUNTO DE ACCESO ADICIONAL DE MATERIA--TÉRMINO DE MATERIA
Término de materia o nombre geográfico como elemento de entrada Realismo (Arte)
9 (RLIN) 16688
650 #7 - PUNTO DE ACCESO ADICIONAL DE MATERIA--TÉRMINO DE MATERIA
Término de materia o nombre geográfico como elemento de entrada Impresionismo (Arte)
Fuente del encabezamiento o término embne
9 (RLIN) 136699
650 #4 - PUNTO DE ACCESO ADICIONAL DE MATERIA--TÉRMINO DE MATERIA
Término de materia o nombre geográfico como elemento de entrada Impresionismo (Arte)-
Subdivisión geográfica Francia.
9 (RLIN) 165160
650 #4 - PUNTO DE ACCESO ADICIONAL DE MATERIA--TÉRMINO DE MATERIA
Término de materia o nombre geográfico como elemento de entrada Pintura francesa-
Subdivisión cronológica S.XIX.
9 (RLIN) 156487
650 #4 - PUNTO DE ACCESO ADICIONAL DE MATERIA--TÉRMINO DE MATERIA
Término de materia o nombre geográfico como elemento de entrada Pintura-
Subdivisión cronológica S.XIX.
9 (RLIN) 159872
650 #4 - PUNTO DE ACCESO ADICIONAL DE MATERIA--TÉRMINO DE MATERIA
Término de materia o nombre geográfico como elemento de entrada Escultura-
Subdivisión cronológica S.XIX.
9 (RLIN) 148142
650 #4 - PUNTO DE ACCESO ADICIONAL DE MATERIA--TÉRMINO DE MATERIA
Término de materia o nombre geográfico como elemento de entrada Arquitectura-
Subdivisión cronológica S.XIX.
9 (RLIN) 10005
830 1# - PUNTO DE ACCESO ADICIONAL DE SERIE-TÍTULO UNIFORME
Título uniforme Historia del arte ;
Designación de volumen o secuencia 15
9 (RLIN) 224425
852 ## - LOCALIZACIÓN
Ubicación ES-MaACL
Número de control de estantería A-11599
itemnumber 179209
Sublocalización o colección R.1455968
Ubicación en estantería Depósito 1
Signatura antigua Olim: N-4604
Encuadernación Donación: Manuela Sánchez
903 ## - NOMBRE PERSONAL DE DONANTE
9 234238
a Sánchez, Manuela
e Donante
942 ## - ELEMENTOS DE ENTRADA SECUNDARIOS (KOHA)
Fuente del sistema de clasificación o colocación Clasificación decimal universal
Tipo de ítem Koha Libro impreso
Holdings
Estatus retirado Estado de pérdida Fuente del sistema de clasificación o colocación Estado de daño No para préstamo Biblioteca de origen Biblioteca actual Ubicación en estantería Fecha de adquisición Fuente de adquisición Total de préstamos Signatura topográfica completa Código de barras Visto por última vez Precio de reemplazo Tipo de ítem Koha
    Clasificación decimal universal     Biblioteca del Ateneo de Madrid Biblioteca del Ateneo de Madrid Depósito 1 05/10/2011 Donación   A-11599 1188257 23/02/2023 23/02/2023 Libro impreso